|
|
|
|
| LEADER |
01492nam a2200289 i 4500 |
| 001 |
10115455 |
| 003 |
GR-PaULI |
| 005 |
20220803091949.0 |
| 008 |
150313t2017 gr afe g 1 gre d |
| 952 |
|
|
|0 0
|1 0
|2 ddc
|4 0
|6 546_000000000000000_HOU
|7 0
|9 323720
|a LISP
|b LISP
|c BSC
|d 2021-02-23
|i 150638
|l 0
|o 546 HOU
|p 025000277682
|r 2021-02-23 00:00:00
|t 1
|w 2021-02-23
|y BK15
|
| 952 |
|
|
|0 0
|1 0
|2 ddc
|4 0
|6 546_000000000000000_HOU
|7 0
|9 323721
|a LISP
|b LISP
|c BSC
|d 2021-02-23
|i 150639
|l 1
|o 546 HOU
|p 025000277683
|r 2024-01-18 00:00:00
|s 2024-01-11
|t 2
|w 2021-02-23
|y BK15
|
| 999 |
|
|
|c 181904
|d 181904
|
| 020 |
|
|
|a 9786185304522
|
| 040 |
|
|
|a GR-PaULI
|b gre
|c GR-PaULI
|e AACR2
|
| 041 |
1 |
|
|a gre
|a eng
|
| 082 |
0 |
4 |
|a 546
|2 23
|
| 100 |
1 |
|
|a Housecroft, Catherine E.,
|9 44078
|d 1955-
|e συγγραφέας.
|
| 245 |
1 |
0 |
|a Ανόργανη χημεία /
|c Catherine E. Housecroft and Alan G. Sharpe ; απόδοση στα ελληνικά Νικόλαος Χατζηλιάδης ... [και ά.].
|
| 260 |
|
|
|a Αθήνα :
|b Unibooks,
|c c2017.
|
| 300 |
|
|
|a xxxv, 1098 σ. :
|b εικ. ;
|c 30 εκ.
|
| 500 |
|
|
|a 3η αγγλική έκδοση.
|
| 500 |
|
|
|a Περιλαμβάνει ευρετήριο.
|
| 650 |
|
4 |
|a Χημεία, Ανόργανη
|9 143095
|v Προβλήματα, ασκήσεις κλπ.
|
| 700 |
|
|
|a Χατζηλιάδης, Νικόλαος Δαμ.,
|d 1941-
|e μεταφραστής.
|9 11063
|
| 765 |
0 |
8 |
|i Μετάφραση του :
|t Inorganic chemistry
|
| 942 |
|
|
|2 ddc
|c BK15
|
| 998 |
|
|
|c ΛΟΤΣΑΡΗ
|d 2021-02
|